Sacred trust / (Record no. 31278)
[ view plain ]
| 000 -LEADER | |
|---|---|
| fixed length control field | 00510nam a2200205 a 4500 |
| 001 - CONTROL NUMBER | |
| control field | zaspen b681575 |
| 003 - CONTROL NUMBER IDENTIFIER | |
| control field | CPomAG |
| 005 - DATE AND TIME OF LATEST TRANSACTION | |
| control field | 20251205002142.0 |
| 008 - FIXED-LENGTH DATA ELEMENTS--GENERAL INFORMATION | |
| fixed length control field | 991007s1999 000 0 eng d |
| 010 ## - LIBRARY OF CONGRESS CONTROL NUMBER | |
| LC control number | 99-6612 |
| 020 ## - INTERNATIONAL STANDARD BOOK NUMBER | |
| International Standard Book Number | 0764222422 |
| 035 ## - SYSTEM CONTROL NUMBER | |
| System control number | 33037 |
| 040 ## - CATALOGING SOURCE | |
| Original cataloging agency | cip |
| Transcribing agency | NDC |
| 100 1# - MAIN ENTRY--PERSONAL NAME | |
| Personal name | Alexander, Hannah. |
| 245 10 - TITLE STATEMENT | |
| Title | Sacred trust / |
| Statement of responsibility, etc. | by Hannah Alexander. |
| 260 ## - PUBLICATION, DISTRIBUTION, ETC. (IMPRINT) | |
| Place of publication, distribution, etc. | Minneapolis, Minn : |
| Name of publisher, distributor, etc. | Bethany house Publishers, |
| Date of publication, distribution, etc. | c1999. |
| 300 ## - PHYSICAL DESCRIPTION | |
| Extent | 346 p. |
| 907 ## - LOCAL DATA ELEMENT G, LDG (RLIN) | |
| a | .b167773318 |
| 942 ## - ADDED ENTRY ELEMENTS (KOHA) | |
| Koha item type | Libro/Book |
| Withdrawn status | Lost status | Damaged status | Not for loan | Home library | Current library | Date acquired | Total Checkouts | Full call number | Barcode | Date last seen | Date checked out | Price effective from | Koha item type |
|---|---|---|---|---|---|---|---|---|---|---|---|---|---|
| San Juan Del Sur -- Biblioteca | San Juan Del Sur -- Biblioteca | 05/12/2025 | 1 | F | 30023657 | 13/04/2026 | 30/03/2026 | 05/12/2025 | Libro/Book |